000 00483nam a2200181Ia 4500
005 20250326125830.0
008 250326s9999 xx 000 0 und d
037 _aTextbook
040 _aFMSL
_beng
_cFMSL
041 _aeng
_2eng
084 _aB2893 N4
_qFMSL
100 _aNPC
245 0 _aTechniques of international trade in West Germany, U S A
_cNPC
260 _aNY
_bNY, N P C
_c1964
300 _a77p
942 _cTB
_hB2893 N4
999 _c1279776
_d1279776